Modular optical design /

Bibliographic Details
Main Author: Stavroudis, O. N. (Orestes Nicholas), 1923-
Format: Book
Language:English
Published: Berlin ; New York : Springer-Verlag, 1982.
Series:Springer series in optical sciences ; v. 28.
Subjects:

MARC

Tag First Indicator Second Indicator Subfields
LEADER 00000pam a2200000 a 4500
001 in00000085245
005 20151008055816.0
008 810818s1982 wb a b 00110 eng
010 |a  81014336  
020 |a 0387109129 (U.S.) 
020 |a 3540109129 (Berlin) 
035 |a (OCoLC)07735249 
035 |9 AAJ4445AM 
039 0 |a 2  |b 3  |c 3  |d 3  |e 3 
040 |a DLC  |c DLC  |d TXA  |d UtOrBLW 
049 |a TXAM  |c [1672782] 
050 0 0 |a QC372.2.D4  |b S7 1982 
082 0 |a 681/.4  |2 19 
100 1 |a Stavroudis, O. N.  |q (Orestes Nicholas),  |d 1923- 
245 1 0 |a Modular optical design /  |c Orestes N. Stavroudis. 
264 1 |a Berlin ;  |a New York :  |b Springer-Verlag,  |c 1982. 
300 |a xii, 199 pages :  |b illustrations ;  |c 24 cm. 
336 |a text  |b txt  |2 rdacontent 
337 |a unmediated  |b n  |2 rdamedia 
338 |a volume  |b nc  |2 rdacarrier 
490 1 |a Springer series in optical sciences ;  |v v. 28 
504 |a Includes bibliographical references and index. 
650 0 |a Optical instruments  |x Design and construction. 
830 0 |a Springer series in optical sciences ;  |v v. 28. 
999 |a MARS 
999 f f |s 538bc6c4-d124-3122-b8fc-93adba8de446  |i 3d6c213e-3ef7-3a7b-ab8c-f80d3d8db0c0  |t 0 
952 f f |p ric  |a Texas A&M University  |b Rellis Campus  |c Joint Library Facility  |d Remote Storage  |t 0  |e QC372.2.D4 S7 1982  |h Library of Congress classification  |i unmediated -- volume  |m A14806208556 
998 f f |a QC372.2.D4 S7 1982  |t 0  |l Remote Storage